000 00347nam a2200133Ia 4500
008 240624s9999 xx 000 0 und d
041 _aeng
082 _a158.3 CHA
100 _aCHASKALSON MICHAEL
245 _aMINDFULNESS FOR COACHES AN EXPERIENTIAL
260 _c2018
_aLondon
_bRoutledge
300 _axxvi, 223 p.; 23 cm.
365 _cBPS
_b35
999 _c31598
_d31598